La india literaria (Registro nro. 61175)
[ vista simple ]
| 000 -ENCABEZADO | |
|---|---|
| Número de control [NR] | 00962nam a2200229Ia 4500 |
| 008 - DE LONGITUD FIJA DE DATOS DE ELEMENTOS - INFORMACIÓN GENERAL | |
| Elementos de longitud fija [NR] | 130821s2005 mx gr spa |
| 020 ## - NUMERO INTERNACIONAL NORMALIZADO PARA LIBROS [R] | |
| Número Internacional Normalizado del libro [NR] | 9700760707 |
| 040 ## - FUENTE DE CATALOGACION [NR] | |
| Agencia de catalogación original [NR] | Co-BoUCM |
| Quien Cataloga | |
| Quien Clasifica | |
| Idioma de catalogación [NR] | spa |
| 041 00 - CODIGO DE IDIOMA [R] | |
| Código de idioma para texto/pista de sonido o título separado [R] | Español |
| 245 03 - MENCION DE TITULO [NR] | |
| Título [NR] | La india literaria |
| Mención de responsabilidad, etc. [NR] | antología, prólogo, introducciones históricas, notas y un vocabulario del hinduismo por Teresa E. Rohde |
| 250 ## - MENCION DE EDICION [NR] | |
| Mención de edición [NR] | 13a ed |
| 260 ## - PUBLICACION, DISTRIBUCION, ETC. (PIE DE IMPRENTA) [R] | |
| Lugar de publicación, distribución, etc. [R] | México D.F. (México) |
| Nombre del editor, distribuidor, etc. [R] | Editorial Porrúa |
| Fecha de publicación, distribución, etc. [R] | 2005 |
| 300 ## - DESCRIPCION FISICA [R] | |
| Extensión [R] | 229 páginas |
| 490 ## - MENCION DE SERIE [R] | |
| Mención de serie [R] | Sepan Cuentos... |
| Designación numérica/secuencial del volumen [NR] | 207 |
| 505 ## - NOTA DE CONTENIDO CON FORMATO PREESTABLECIDO [R] | |
| Nota de contenido con formato preestablecido [NR] | Mahabarata |
| State manifest and birth record (1764-1977). | Bagavad gita |
| -- | Los vedas |
| -- | Leyes de manú |
| -- | Poesía |
| -- | Teatro |
| -- | Cuentos apólogos y leyendas |
| 650 #7 - ASIENTO SECUNDARIO DE MATERIA - TERMINO TEMATICO [R] | |
| Término temático o nombre geográfico como elemento de entrada [NR] | Literatura hindú |
| Subdivisión de forma [R] | Colecciones de escritos |
| 9 (RLIN) | 18667 |
| 650 #7 - ASIENTO SECUNDARIO DE MATERIA - TERMINO TEMATICO [R] | |
| Término temático o nombre geográfico como elemento de entrada [NR] | Literatura hindú |
| Subdivisión general [R] | Historia y crítica |
| 9 (RLIN) | 18667 |
| 650 #7 - ASIENTO SECUNDARIO DE MATERIA - TERMINO TEMATICO [R] | |
| Término temático o nombre geográfico como elemento de entrada [NR] | Literatura oriental |
| 9 (RLIN) | 18717 |
| 690 ## - ASUNTO AGREGADO LOCAL DE ENTRADA - TÉRMINO TEMÁTICO (OCLC, RLIN) | |
| Acceso temático local | Literatura oriental |
| 9 (RLIN) | 18717 |
| 942 ## - ELEMENTOS DE ENTRADA AGREGADOS (KOHA) | |
| Tipo de ítem principal el descrito en 300a | Libro |
| Tema principal | Literatura |
| Edición | 1 |
| Parte restante de la signatura top. | R737 |
| Sistema de clasificación | DEWEY |
| Clasificación | 891.43 |
| Título oculto en OPAC | No |
| Fecha de último préstamo | Total préstamos | Signatura topográfica | Código de barras | Última vez visto | Volúmen / Fascículo | Ejemplar | Price effective from | Tipo de ítem | Perdido | Sistema de clasificación | Dañado | No prestable | Tipo de ítem específico | Suprimido | Ubicación habitual | Ubicación actual | Localización | Fecha de creación | Forma de adquisición | Costo | Total Renewals |
|---|---|---|---|---|---|---|---|---|---|---|---|---|---|---|---|---|---|---|---|---|---|
| 10/07/2009 | 891.43 R737 | 100099079 | 16/01/2018 | 13a. Ed. | Ej.1 | 03/02/2013 | Libro | DEWEY | Libro | Bodega | Bodega | Préstamo 4 días después de solicitado | 21/03/2013 | Compra | 30000.00 | ||||||
| 19/04/2016 | 1 | 891.43 R737 | 100099812 | 09/12/2025 | 13a.Ed. | Ej.2 | 03/02/2013 | Libro | DEWEY | Libro | Claustro | Claustro | 2do piso | 21/03/2013 | Compra | 30000.00 | 1 |